000
00317nam a22001217a 4500
008
180519b xxu||||| |||| 00| 0 eng d
041
_a
eng
080
_a
043.3
100
_a
0
101
_a
SHKI-BA
245
_a
Metodat per Parandalimin e rreziqeve qe vijne nga perdorimi i Internetit
_c
Mustafa, N
942
_2
udc
_c
BK
999
_c
46049
_d
46049